Irish Rugby - Most Games as Captain - Statistics

General Stats
  • This quiz has been taken 56 times
    32 since last reset
  • The average score is 4 of 8
Answer Stats
Games as Captain Years as Captain Player % Correct
83 2002-2012 Brian O'Driscoll
91%
38 2009-2019 Rory Best
91%
28 2004-2015 Paul O'Connell
78%
36 1996-2003 Keith Wood
69%
19 1982-1986 Ciaran Fitzgerald
25%
17 1986-1990 Donal Lenihan
13%
17 1979-1981 Fergus Slattery
9%
24 1963-1973 Tom Kiernan
6%
No matching quizzes found
Score Distribution
Percent of People with Each Score
Percentile by Number Answered
Your Score History
You have not taken this quiz since the last reset